Песни Беранже в переводе русских поэтов (Запись № 4169385)

Подробности
000 -МАРКЕР
контрольное поле 02264nam0a22004571 4500
001 - ИДЕНТИФИКАТОР ЗАПИСИ
контрольное поле v19\rc\1582198
005 - ИДЕНТИФИКАТОР ВЕРСИИ
контрольное поле 20260406100930.0
035 ## - ДРУГИЕ СИСТЕМНЫЕ НОМЕРА
Идентификатор записи (NLR Aleph) 004708687
100 ## - ДАННЫЕ ОБЩЕЙ ОБРАБОТКИ
Данные общей обработки 20061002d1894 |||y0rusy50 ca
101 1# - ЯЗЫК РЕСУРСА
Язык текста, звукозаписи и т.д. русский
Язык оригинала французский
102 ## - СТРАНА ПУБЛИКАЦИИ ИЛИ ПРОИЗВОДСТВА
Страна публикации Российская Федерация
105 ## - ПОЛЕ КОДИРОВАННЫХ ДАННЫХ: ТЕКСТОВЫЕ МАТЕРИАЛЫ, МОНОГРАФИЧЕСКИЕ
Кодированные данные о монографическом текстовом документе ac z |||||
200 1# - ЗАГЛАВИЕ И СВЕДЕНИЯ ОБ ОТВЕТСТВЕННОСТИ
Основное заглавие Песни Беранже в переводе русских поэтов
Сведения, относящиеся к заглавию С портр. и 55 ил. Гранвиля, Баяра, Джиакомелли ... и др.
Первые сведения об ответственности Под ред. П.В. Быкова
210 ## - ПУБЛИКАЦИЯ, РАСПРОСТРАНЕНИЕ И ДР.
Место издания, распространения и т.д. Санкт-Петербург
Имя издателя, распространителя и т. д. Г. Гоппе
Дата издания, распространения и т.д. ценз. 1894
215 ## - ФИЗИЧЕСКАЯ ХАРАКТЕРИСТИКА
Специфическое обозначение материала и объем VIII, 212 с., 1 л. фронт. (портр.)
Другие сведения о физической характеристике ил.
Размеры 24
300 ## - ОБЩИЕ ПРИМЕЧАНИЯ
Текст примечания Загл. обл.: Песни Беранже в переводе русских писателей
311 ## - ПРИМЕЧАНИЯ, ОТНОСЯЩИЕСЯ К ПОЛЯМ СВЯЗИ (ПРИМЕЧАНИЯ О СВЯЗИ С ДРУГИМИ ПРОИЗВЕДЕНИЯМИ (ИЗДАНИЯМИ))
Текст примечания Беспл. премия к журн. "Всемир. ил." 1894 г.
316 ## - ПРИМЕЧАНИЯ ОБ ОСОБЕННОСТЯХ ЭКЗЕМПЛЯРА
Текст примечания Экз. РНБ (1/50н): приплетено ...
Организация и экземпляр, к которому относится поле NLR: 1/50н
422 #0 - ИЗДАНИЕ, К КОТОРОМУ ОТНОСИТСЯ ПРИЛОЖЕНИЕ
Встроенное поле 2001#$aВсемирная иллюстрация$v1894
Заглавие Всемирная иллюстрация
482 #0 - ПРИПЛЕТЕНО К
Встроенное поле 001RU\NLR\INFOCOMM4\1000504283
-- 2001#$aВсемирная иллюстрация$v1894
Системный номер (АБИС) связанной записи 1997375
Место публикации Б. м.
Дата публикации 1894
Заглавие Всемирная иллюстрация. - 1994, ненум. вып.
Номер тома 1894
512 0# - ЗАГЛАВИЕ ОБЛОЖКИ
Заглавие обложки Песни Беранже в переводе русских писателей
700 #1 - ИМЯ ЛИЦА - ПЕРВИЧНАЯ ОТВЕТСТВЕННОСТЬ
Материалы, к которым относится поле rus
Графика поля Кириллица
Начальный элемент ввода Беранже
Часть имени, кроме начального элемента ввода П.-Ж.
Даты 1780-1857
Расширение инициалов личного имени Пьер-Жан
Идентификатор авторитетной/нормативной записи RU\NLR\auth\7729697
Системный номер авторитетной/нормативной записи 12725
702 #1 - ИМЯ ЛИЦА - ВТОРИЧНАЯ ОТВЕТСТВЕННОСТЬ
Код отношения Иллюстратор
Материалы, к которым относится поле rus
Графика поля Кириллица
Начальный элемент ввода Гранвиль
Часть имени, кроме начального элемента ввода Ж. Ж.
Даты 1803-1847
Расширение инициалов личного имени Жан Жак
Идентификатор авторитетной/нормативной записи RU\NLR\AUTH\7778365
Системный номер авторитетной/нормативной записи 61293
702 #1 - ИМЯ ЛИЦА - ВТОРИЧНАЯ ОТВЕТСТВЕННОСТЬ
Начальный элемент ввода Баяр
Часть имени, кроме начального элемента ввода Э. А.
Даты 1837-1891
Расширение инициалов личного имени Эмиль Антуан
Код отношения Иллюстратор
702 #1 - ИМЯ ЛИЦА - ВТОРИЧНАЯ ОТВЕТСТВЕННОСТЬ
Начальный элемент ввода Джиакомелли
Часть имени, кроме начального элемента ввода Г.
Даты 1822-1904
Расширение инициалов личного имени Гектор
Код отношения Иллюстратор
702 #1 - ИМЯ ЛИЦА - ВТОРИЧНАЯ ОТВЕТСТВЕННОСТЬ
Код отношения Редактор
Материалы, к которым относится поле rus
Графика поля Кириллица
Начальный элемент ввода Быков
Часть имени, кроме начального элемента ввода П. В.
Дополнения к именам, кроме дат писатель
Даты 1843-1930
Расширение инициалов личного имени Петр Васильевич
Идентификатор авторитетной/нормативной записи RU\NLR\AUTH\7755574
Системный номер авторитетной/нормативной записи 38506
801 #0 - ИСТОЧНИК ЗАПИСИ
Страна Российская Федерация
Организация NLR
Правила каталогизации psbo
801 #0 - ИСТОЧНИК ЗАПИСИ
Страна Российская Федерация
Организация RuMoRGB
Источник данных psbo
801 #1 - ИСТОЧНИК ЗАПИСИ
Страна Российская Федерация
Организация ProSoft-M
Источник данных rusmarc
801 #2 - ИСТОЧНИК ЗАПИСИ
Страна Российская Федерация
Организация NLR
Дата составления 20140127
Источник данных rusmarc
852 ## - МЕСТОНАХОЖДЕНИЕ И ШИФР ХРАНЕНИЯ
Идентификатор организации NLR
Шифр хранения (Call Number) 1/50н
899 ## - ДАННЫЕ О МЕСТОНАХОЖДЕНИИ (устаревшее)
Местонахождение RuMoRGB
Шифр хранения M 53/95
899 ## - ДАННЫЕ О МЕСТОНАХОЖДЕНИИ (устаревшее)
Местонахождение RuMoRGB
Шифр хранения N 63/64
899 ## - ДАННЫЕ О МЕСТОНАХОЖДЕНИИ (устаревшее)
Местонахождение RuMoRGB
Шифр хранения A 142/116
899 ## - ДАННЫЕ О МЕСТОНАХОЖДЕНИИ (устаревшее)
Местонахождение RuMoRGB
Шифр хранения МК
899 ## - ДАННЫЕ О МЕСТОНАХОЖДЕНИИ (устаревшее)
Местонахождение БАН
899 ## - ДАННЫЕ О МЕСТОНАХОЖДЕНИИ (устаревшее)
Местонахождение ГПИБ
942 ## - ДОПОЛНИТЕЛЬНЫЕ ЭЛЕМЕНТЫ ЗАПИСИ (АБИС)
Тип экземпляра АБИС Книга
980 ## - КОЛЛЕКЦИЯ
Название коллекции Национальная библиография
Экземпляры
Тип экземпляра Дата поступления Библиотека постоянного хранения Библиотека текущего хранения Место хранения Шифр хранения Штрих-код Статус экземпляра
Книга 26.10.2013 РНБ (Московский) РНБ (Московский) Зал русского журнального фонда, издания по 1950 включительно (до 2000 года) 1/50н 4708687-10  
Книга 26.10.2013 РНБ (Московский) РНБ (Московский) Неопределен, для заказа не доступен, в ЭК виден   4708687-60  
Книга 26.10.2013 РНБ (Московский) РНБ (Московский) Неопределен, для заказа не доступен, в ЭК виден   4708687-70